| 000 | 01061ata a2200361 4500 | ||
|---|---|---|---|
| 005 | 20160405112810.0 | ||
| 008 | 150520b xxu||||| |||| 00| 0 spa d | ||
| 041 | _aEspañol | ||
| 082 |
_a972.860.2 _bQ8e |
||
| 100 |
_aQuirós Vargas, Claudia _97611 |
||
| 245 | _aLa era de la encomienda | ||
| 260 | _aCosta Rica | ||
| 260 | _bUniversidad de Costa Rica | ||
| 260 | _c2002 | ||
| 300 | _a380 páginas | ||
| 650 |
_aCOSTA RICA _97612 |
||
| 650 |
_aHISTORIA _943 |
||
| 650 |
_aSIGLO XVI-XVII _97613 |
||
| 650 |
_aDESCUBRIMIENTO _97614 |
||
| 650 |
_aCONFIGURACIÓN COLONIAL _97615 |
||
| 650 |
_aCIUDADES DEL SIGLO XVI _97616 |
||
| 650 |
_aMARCO POLÍTICO _97617 |
||
| 650 |
_aPUEBLOS INDÍGENAS _97618 |
||
| 650 |
_aTRIBUTO EN ESPECIE _97619 |
||
| 650 |
_aCOMERCIO _93 |
||
| 650 |
_aPRODUCCIÓN _9706 |
||
| 650 |
_aEXPLOTACIÓN DEL INDÍGENA _97620 |
||
| 650 |
_aSERVICIO PERSONAL DE LOS INDÍGENAS _97621 |
||
| 650 |
_aMANO DE OBRA FORZADA _97622 |
||
| 650 |
_aINDÍGENAS ENCOMENDADOS _97623 |
||
| 650 |
_aSECTORES DOMINANTES _97624 |
||
| 942 | _cBK | ||
| 999 |
_c5786 _d5786 |
||